Ombudsman system in the world and a case study (Запис номер 511936)
[ съкратено ]
| 000 -Лидер | |
|---|---|
| Лидер | 01295nam a2200325 a 4500 |
| 003 - Код на организацията, давaща контролен номер | |
| Код на организацията, даваща контролен номер | BLK |
| 005 - Дата и час на последна редакция | |
| Дата и час на последна редакция | 20240612140627.0 |
| 007 - Фиксирано поле за физическо описани | |
| Физическо описание | ta |
| 008 - Елементи от данни с фиксирана дължина | |
| Елементи с фиксирана дължина | 221104b bu |||||r|||| 00| | bu d |
| 020 ## - Международен стандартен номер на книга ISBN | |
| ISBN | 9786059895026 |
| 040 ## - Източник на каталожния запис | |
| Код на библиотеката | BLK |
| 041 ## - Код за език | |
| Език | Английски |
| Език за КДБФ | Английски |
| 080 ## - УДК | |
| 9 (RLIN) | 230035 |
| УДК текст | Граждански контрол. Омбудсман. Контрол за общественото управление. Контрол от страна на самата администрация, от съда, парламента |
| УДК код | 351.9 |
| УДК – код + определител | 351.9 |
| 084 ## - Класификационен индекс по друга класификация | |
| Авторски знак | Cer - C 41 |
| 100 ## - Редна дума - Автор | |
| R(LIN) | 493042 |
| Автор | Ceritli, Ismail |
| 245 ## - Сведения за заглавието | |
| Заглавие | Ombudsman system in the world and a case study |
| Подзаглавни данни | The Netherland's experiences and Turkey's situation |
| Авторска отговорност | Ismail Ceritli, Abdurrahman Eren, Ayhan Nuri Yilmaz |
| 260 ## - Област на издателските данни | |
| 9 (RLIN) | 493046 |
| Място на издаване | Bartin |
| Име на издателя | Univ. Publ. |
| Година на издаване | 2015 |
| 300 ## - Физическа характеристика | |
| Брой страници | 212 p. |
| Илюстрации | ill., tabl. |
| Размер | 24 cm |
| 380 ## - Жанр | |
| Жанр | Обществени науки |
| 500 ## - Общи забележки | |
| Обща забележка | Bartın Universitesi yayinlari, № 16, № 3 |
| 504 ## - Забележка за наличие на библиография и др | |
| Библиография | с. 205-212 |
| 650 #0 - Допълнително описание по предмет – тема | |
| 9 (RLIN) | 280307 |
| Предметна рубрика | Омбудсман - Европа |
| 651 #7 - Допълнително описание по предмет - топоним | |
| 9 (RLIN) | 179745 |
| Географско понятие | Холандия |
| 651 #7 - Допълнително описание по предмет - топоним | |
| 9 (RLIN) | 179691 |
| Географско понятие | Турция |
| 700 ## - Други автори (авторска отговорност) | |
| 9 (RLIN) | 493047 |
| Друг автор | Eren, Abdurrahman |
| 700 ## - Други автори (авторска отговорност) | |
| 9 (RLIN) | 493048 |
| Друг автор | Yilmaz, Ayhan Nuri |
| 856 ## - Електронен адрес и достъп | |
| Инструкция (цена за достъп) | 0.00 |
| Права за достъп | disable |
| 942 ## - АРТИКУЛИ | |
| Вид на библиотечния документ | Книги |
| Скрит в OPAC | Не |
| 944 ## - СЪЗДАВАНЕ И РЕДАКЦИЯ на ЗАПИСА | |
| Дата на регистрацията/редакция | Кети Илиева |
| Служител, извършил регистрацията/редакцията | 30550 |
| Номер на служител | Кети Илиева |
| 999 ## - СИСТЕМНИ КОНТРОЛНИ НОМЕРА | |
| Koha biblionumber | 511936 |
| Koha biblioitemnumber | 511936 |
| Код за отписване | Код за изгубен артикул | Източник на класификационната схема | Код за повреда | Код за отдаване | Артикулен № | Име на библиотеката - собственик | Име на библиотеката, в която се намира в момента | Статус (Текущо местоположение) | Дата на вписване в системата | Местоположение - отдел | Цена в лева | Инвентарен номер | Систематично азбучна сигнатура | Баркод | Цена в евро | Служебен тип на артикула |
|---|---|---|---|---|---|---|---|---|---|---|---|---|---|---|---|---|
| Не е изгубен | Universal Decimal Classification | Не е повреден | заемане за дома | 944254 | Регионална библиотека "Любен Каравелов" Русе | Регионална библиотека "Любен Каравелов" Русе | Заемна - подръчен фонд | 2024-06-13 | Заемна - подръчен фонд | 10.00 | 120000909284 | 351/С 41 | 120000909284 | 5.11 | Книги |